Policy oriented approach for multi modal transport system: challenges ahead (Record no. 85449)

000 -LEADER
fixed length control field 00450pab a2200181 454500
008 - FIXED-LENGTH DATA ELEMENTS--GENERAL INFORMATION
fixed length control field 180718b2009 xxu||||| |||| 00| 0 eng d
100 ## - MAIN ENTRY--PERSONAL NAME
Personal name Pawan Kumar
245 ## - TITLE STATEMENT
Title Policy oriented approach for multi modal transport system: challenges ahead
260 ## - PUBLICATION, DISTRIBUTION, ETC.
Date of publication, distribution, etc. 2009
300 ## - PHYSICAL DESCRIPTION
Extent p.101-19.
362 ## - DATES OF PUBLICATION AND/OR SEQUENTIAL DESIGNATION
Dates of publication and/or sequential designation Jan-Jun
650 ## - SUBJECT ADDED ENTRY--TOPICAL TERM
Topical term or geographic name entry element Transport
700 ## - ADDED ENTRY--PERSONAL NAME
Personal name Parida, M.
700 ## - ADDED ENTRY--PERSONAL NAME
Personal name Kulkarni, S.Y.
773 ## - HOST ITEM ENTRY
Main entry heading Urban India
908 ## - PUT COMMAND PARAMETER (RLIN)
Put command parameter N
909 ## -
-- 85449
Holdings
Withdrawn status Lost status Damaged status Not for loan Permanent Location Current Location Date acquired Serial Enumeration / chronology Barcode Date last seen Price effective from Koha item type
        Indian Institute of Public Administration Indian Institute of Public Administration 2018-07-19 Volume no: 29, Issue no: 1 AR85909 2018-07-19 2018-07-19 Articles

Powered by Koha